000 00561nam a22002297a 4500
001 63042
003 UA-OsUOA
005 20211024175018.0
007 ta
008 20090917b un ||||| |||| 00| 0 ukr d
040 _aUA-OsUOA
_brus
_cUA-OsUOA
_dUA-OsUOA
041 _arus
080 _a94(470+571)
090 _a94(470+571)
_bГ20
100 _aГареев М. А.
245 _aМ. В. Фрунзе - военный теоретик
260 _aМ.
_c1985
300 _a446 с.
650 7 _a94 Історія
_2UDC
942 _cBK
_2udc
955 _a2
999 _c349120
_d349120